Motivational factors influencing teachers retention in public secondary schools in Kathonzweni sub-cou Makueni county Kenyanty (Record no. 18773)
[ view plain ]
| 000 -LEADER | |
|---|---|
| fixed length control field | 00379nam a22001097a 4500 |
| 050 ## - LIBRARY OF CONGRESS CALL NUMBER | |
| Classification Number | (The) LB 2833.2 |
| Item Number | .M85 2023 |
| 100 ## - MAIN ENTRY--Author | |
| Personal name | Muia Joyce Mutio |
| 245 ## - TITLE | |
| Title | Motivational factors influencing teachers retention in public secondary schools in Kathonzweni sub-cou Makueni county Kenyanty |
| 300 ## - PHYSICAL DESCRIPTION | |
| Extent | 64p. |
| 650 ## - SUBJECT--TOPIC | |
| Topical term following geographic name as entry element | Motivation |
| Form subdivision | Teachers motivation in schools |
| 942 ## - ADDED ENTRY ELEMENTS(KOHA) | |
| Source of classification or shelving scheme | Library of Congress Classification |
| Koha item type | Thesis |
No items available.